David - Lorde (All Lyrics) - Statistics

General Stats
  • This quiz has been taken 107 times
  • The average score is 181 of 239
Answer Stats
Lyrics % Correct
I
100%
a
98%
to
98%
do
97%
do?
97%
do?"
97%
Do
97%
don't
92%
you
90%
you,
90%
Was
88%
was
88%
again,
87%
again
87%
again?
87%
again?)
87%
belong
87%
ever
87%
love
87%
Oh,
87%
oh
87%
Oh
87%
anyone,
85%
anyone
85%
it
85%
the
85%
that
83%
That
83%
we
83%
Am
82%
(Am
82%
gon'
82%
just
78%
on
78%
Why
78%
"Why
78%
But
77%
my
77%
day
75%
run
75%
when
75%
And
73%
how
73%
ones
73%
all
72%
'Cause
72%
'cause
72%
dark
72%
knew
72%
someone
72%
dominate?
70%
me
70%
out
70%
what
70%
for
68%
God
68%
If
68%
made
68%
young
68%
blood
67%
came
67%
get
67%
heroine
67%
did
65%
given
65%
had
65%
hard
65%
have
65%
I'd
65%
Pure
65%
spillin'
65%
truth
65%
would
65%
your
65%
could
63%
off
63%
said,
63%
Said,
63%
too
63%
virginity,
63%
got
62%
mouth"
62%
never
62%
sing
62%
Sing
62%
(Sing
62%
tape?
62%
(Tell
62%
Tell
62%
guard
60%
let
60%
Let
60%
"Open
60%
swore
60%
myself
58%
Uppercut
57%
featherweight
55%
feel
55%
shadows
55%
Sunset
55%
throat,
55%
like
53%
mistaken
53%
now
53%
once
53%
opponent,
53%
with
53%
we're
52%
At
50%
'em
50%
ooh
50%
(Ooh)
50%
understand?
50%
understand)
50%
friend?
48%
Worthy
48%
playing
47%
blade,
42%
Tower,
42%
Will
42%
flint
40%
fountain)
33%
woah
33%
woah,
33%
dimed
27%
doves)
23%
rock
23%
(Till
20%
No matching quizzes found
Score Distribution
Percent of People with Each Score
Percentile by Number Answered
Your Score History
You have not taken this quiz